¿Cómo enfrentar un ataque aéreo?
Guardat en:
| Autor corporatiu: | |
|---|---|
| Format: | Text |
| Publicat: |
Managua :
|
| Etiquetes: |
Afegir etiqueta
Sense etiquetes, Sigues el primer a etiquetar aquest registre!
|
MARC
| LEADER | 00000 a a2200000 04500 | ||
|---|---|---|---|
| 001 | 14554 | ||
| 003 | |||
| 040 | |a CRAI/IIS |c CRAI/IIS | ||
| 090 | |a 014200 | ||
| 110 | |a Nicaragua. Ministerio de Defensa. Ejército Popular sandinista. Dirección de Defensa Civil | ||
| 245 | |a ¿Cómo enfrentar un ataque aéreo? | ||
| 260 | |a Managua : | ||
| 300 | |a 14 p. | ||
| 999 | |c 17418 |d 17418 | ||
